Entry Nombre personal
001 - NÚMERO DE CONTROL
- campo de control: 111665
003 - IDENTIFICADOR DE NÚMERO DE CONTROL
- campo de control: DLC
005 - FECHA Y HORA DE LA ÚLTIMA TRANSACCIÓN
- campo de control: 20260414125848.0
008 - ELEMENTOS DE DATO DE LONGITUD-FIJA
- campo de control de longitud fija: 900625n| acannaabn |a aaa c
010 ## - NÚMERO DE CONTROL DE LA BIBLIOTECA DEL CONGRESO
- Número de control de LC: no 90012821
024 7# - IDENTIFICADOR DE OTROS ESTÁNDARES
- Fuente: viaf
- Número estándar o código: http://viaf.org/viaf/61823206
024 7# - IDENTIFICADOR DE OTROS ESTÁNDARES
- Fuente: isni
- Número estándar o código: https://isni.org/isni/0000000122808068
024 7# - IDENTIFICADOR DE OTROS ESTÁNDARES
- Fuente: wikidata
- Número estándar o código: http://www.wikidata.org/entity/Q2941023
024 7# - IDENTIFICADOR DE OTROS ESTÁNDARES
- Fuente: bne
- Número estándar o código: XX826150
035 ## - NÚMERO DE CONTROL DEL SISTEMA
- Número de control de sistema: (OCoLC)oca02772752
040 ## - FUENTE DE CATALOGACIÓN
- Centro catalogador/agencia de origen: CLU
- Lengua de catalogación: eng
- Centro/agencia transcriptor: CLU
- Centro/agencia modificador: M-RABA
046 ## - FECHAS CON CODIFICACIÓN ESPECIAL
- Fecha de nacimiento: 1832
- Fecha de la muerte: 1914
100 1# - ENCABEZAMIENTO-NOMBRE DE PERSONA
- Nombre de persona: Alguacil, Casiano,
- Fechas asociadas al nombre: (1832-1914)
372 ## - CAMPO DE ACTIVIDAD
- Campo de actividad: Fotografía
400 1# - TRAZADO DE VÉASE--NOMBRE DE PERSONA
- Nombre de persona: Alguacil Blázquez, Casiano,
- Fechas asociadas al nombre: 1832-1914
400 1# - TRAZADO DE VÉASE--NOMBRE DE PERSONA
- Nombre de persona: Blázquez, Casiano Alguacil,
- Fechas asociadas al nombre: 1832-1914
670 ## - FUENTE DE DATOS ENCONTRADOS
- Cita de la fuente: His Toledo en la fotografía de Alguacil, 1832-1914, 1983:
- Información encontrada: t.p. (Alguacil, 1832-1914) p. 9, etc. (Casiano Alguacil)
670 ## - FUENTE DE DATOS ENCONTRADOS
- Cita de la fuente: Casiano Alguacil, 2006 (subj.)
- Información encontrada: p. 40 (Casiano Alguacil Blázquez; b. in Mazarambroz in Toledo province)
670 ## - FUENTE DE DATOS ENCONTRADOS
- Cita de la fuente: Del daguerrotipo a la Instamatic, 2007
- Información encontrada: (Mazarambroz, 1832 - Toledo, 1914. Fotógrafo español con estudio en Toledo desde 1862. En 1866 comenzó el proyecto "Museo fotográfico: monumentos artísticos de España", álbum de objetos, monumentos y vistas de España. En 1908 donó su archivo al Ayuntamiento de Toledo)